<?xml version="1.0" encoding="UTF-8"?>
<record
    xmlns:xsi="http://www.w3.org/2001/XMLSchema-instance"
    xsi:schemaLocation="http://www.loc.gov/MARC21/slim http://www.loc.gov/standards/marcxml/schema/MARC21slim.xsd"
    xmlns="http://www.loc.gov/MARC21/slim">

  <leader>01342nam0a22003011  4500</leader>
  <controlfield tag="001">rc\330752</controlfield>
  <controlfield tag="005">20250621041028.0</controlfield>
  <datafield tag="010" ind1=" " ind2=" ">
    <subfield code="a">5-7610-0308-2</subfield>
    <subfield code="9">30000</subfield>
  </datafield>
  <datafield tag="035" ind1=" " ind2=" ">
    <subfield code="a">(NLR Aleph) 005566188</subfield>
  </datafield>
  <datafield tag="090" ind1=" " ind2=" ">
    <subfield code="a">5963486</subfield>
    <subfield code="c">5963485</subfield>
  </datafield>
  <datafield tag="100" ind1=" " ind2=" ">
    <subfield code="a">20030307d1989    |||y0rusy50      ca</subfield>
  </datafield>
  <datafield tag="101" ind1="0" ind2=" ">
    <subfield code="a">rus</subfield>
  </datafield>
  <datafield tag="102" ind1=" " ind2=" ">
    <subfield code="a">RU</subfield>
  </datafield>
  <datafield tag="105" ind1=" " ind2=" ">
    <subfield code="a">a   |||||||||</subfield>
  </datafield>
  <datafield tag="200" ind1="1" ind2=" ">
    <subfield code="a">&#x41F;&#x435;&#x442;&#x440; II &#x438; &#x410;&#x43D;&#x43D;&#x430; &#x418;&#x43E;&#x430;&#x43D;&#x43D;&#x43E;&#x432;&#x43D;&#x430;</subfield>
    <subfield code="e">&#x418;&#x437; &#x437;&#x430;&#x43F;&#x438;&#x441;&#x43E;&#x43A; &#x43A;&#x43D;&#x44F;&#x437;&#x44F; &#x41F;.&#x412;. &#x414;&#x43E;&#x43B;&#x433;&#x43E;&#x440;&#x443;&#x43A;&#x43E;&#x432;&#x430;</subfield>
  </datafield>
  <datafield tag="210" ind1=" " ind2=" ">
    <subfield code="a">&#x412;&#x43E;&#x43B;&#x433;&#x43E;&#x433;&#x440;&#x430;&#x434;</subfield>
    <subfield code="c">&#x41D;&#x438;&#x436;.-&#x412;&#x43E;&#x43B;&#x436;. &#x43A;&#x43D;. &#x438;&#x437;&#x434;-&#x432;&#x43E;</subfield>
    <subfield code="d">1989</subfield>
  </datafield>
  <datafield tag="215" ind1=" " ind2=" ">
    <subfield code="a">511 &#x441;.</subfield>
    <subfield code="c">&#x438;&#x43B;.</subfield>
    <subfield code="d">27</subfield>
  </datafield>
  <datafield tag="300" ind1=" " ind2=" ">
    <subfield code="a">&#x417;&#x430;&#x433;&#x43B;. &#x43F;&#x435;&#x440;.: &#x412;&#x43E;&#x43A;&#x440;&#x443;&#x433; &#x442;&#x440;&#x43E;&#x43D;&#x430;</subfield>
  </datafield>
  <datafield tag="423" ind1=" " ind2="0">
    <subfield code="1">2001#$a&#x41F;&#x435;&#x440;&#x435;&#x432;&#x43E;&#x440;&#x43E;&#x442; 1762 &#x433;&#x43E;&#x434;&#x430;$e&#x421;&#x43E;&#x447;. &#x438; &#x43F;&#x435;&#x440;&#x435;&#x43F;&#x438;&#x441;&#x43A;&#x430; &#x443;&#x447;&#x430;&#x441;&#x442;&#x43D;&#x438;&#x43A;&#x43E;&#x432; &#x438; &#x441;&#x43E;&#x432;&#x440;&#x435;&#x43C;&#x435;&#x43D;&#x43D;&#x438;&#x43A;&#x43E;&#x432;</subfield>
    <subfield code="t">&#x41F;&#x435;&#x440;&#x435;&#x432;&#x43E;&#x440;&#x43E;&#x442; 1762 &#x433;&#x43E;&#x434;&#x430;</subfield>
  </datafield>
  <datafield tag="423" ind1=" " ind2="0">
    <subfield code="1">2001#$a&#x412;&#x43E;&#x43A;&#x440;&#x443;&#x433; &#x442;&#x440;&#x43E;&#x43D;&#x430;$e&#x420;&#x435;&#x43F;&#x440;&#x438;&#x43D;&#x442;. &#x432;&#x43E;&#x441;&#x43F;&#x440;&#x43E;&#x438;&#x437;&#x432;&#x435;&#x434;&#x435;&#x43D;&#x438;&#x435; &#x438;&#x437;&#x434;. 1909, 1910 &#x433;&#x433;.$f&#x41A;. &#x412;&#x430;&#x43B;&#x438;&#x448;&#x435;&#x432;&#x441;&#x43A;&#x438;&#x439;</subfield>
    <subfield code="1">700#1$a&#x412;&#x430;&#x43B;&#x438;&#x448;&#x435;&#x432;&#x441;&#x43A;&#x438;&#x439;$b&#x41A;.</subfield>
    <subfield code="t">&#x412;&#x43E;&#x43A;&#x440;&#x443;&#x433; &#x442;&#x440;&#x43E;&#x43D;&#x430;</subfield>
    <subfield code="a">&#x412;&#x430;&#x43B;&#x438;&#x448;&#x435;&#x432;&#x441;&#x43A;&#x438;&#x439;, &#x41A;.</subfield>
  </datafield>
  <datafield tag="600" ind1=" " ind2="0">
    <subfield code="a">&#x41F;&#x435;&#x442;&#x440;</subfield>
    <subfield code="d">II</subfield>
    <subfield code="c">&#x438;&#x43C;&#x43F;.</subfield>
    <subfield code="2">psbo</subfield>
  </datafield>
  <datafield tag="600" ind1=" " ind2="0">
    <subfield code="a">&#x410;&#x43D;&#x43D;&#x430; &#x418;&#x43E;&#x430;&#x43D;&#x43D;&#x43E;&#x432;&#x43D;&#x430;</subfield>
    <subfield code="c">&#x438;&#x43C;&#x43F;.</subfield>
    <subfield code="2">psbo</subfield>
  </datafield>
  <datafield tag="700" ind1=" " ind2="1">
    <subfield code="a">&#x414;&#x43E;&#x43B;&#x433;&#x43E;&#x440;&#x443;&#x43A;&#x43E;&#x432;</subfield>
    <subfield code="b">&#x41F;.&#x412;.</subfield>
    <subfield code="f">1816-1868</subfield>
    <subfield code="g">&#x41F;&#x435;&#x442;&#x440; &#x412;&#x43B;&#x430;&#x434;&#x438;&#x43C;&#x438;&#x440;&#x43E;&#x432;&#x438;&#x447;</subfield>
  </datafield>
  <datafield tag="801" ind1=" " ind2="0">
    <subfield code="a">RU</subfield>
    <subfield code="b">NLR</subfield>
    <subfield code="g">psbo</subfield>
  </datafield>
  <datafield tag="801" ind1=" " ind2="1">
    <subfield code="a">RU</subfield>
    <subfield code="b">ELAR</subfield>
    <subfield code="2">rusmarc</subfield>
  </datafield>
  <datafield tag="852" ind1=" " ind2=" ">
    <subfield code="a">NLR</subfield>
    <subfield code="j">89-7/1557</subfield>
  </datafield>
  <datafield tag="942" ind1=" " ind2=" ">
    <subfield code="c">BOOK</subfield>
  </datafield>
  <datafield tag="980" ind1=" " ind2=" ">
    <subfield code="a">NB</subfield>
  </datafield>
  <datafield tag="995" ind1=" " ind2=" ">
    <subfield code="5">2013-10-26</subfield>
    <subfield code="b">NLR01</subfield>
    <subfield code="c">NLR01</subfield>
    <subfield code="e">RF9</subfield>
    <subfield code="f">1-2355540</subfield>
    <subfield code="k">89-7/1557</subfield>
    <subfield code="o">0</subfield>
    <subfield code="r">BOOK</subfield>
    <subfield code="s">8971557_</subfield>
  </datafield>
  <datafield tag="995" ind1=" " ind2=" ">
    <subfield code="5">2013-12-19</subfield>
    <subfield code="b">NLR01</subfield>
    <subfield code="c">NLR01</subfield>
    <subfield code="e">OZ1</subfield>
    <subfield code="f">1-238717</subfield>
    <subfield code="k">&#x421;1 &#x422;3(2)463/&#x414;-641</subfield>
    <subfield code="o">0</subfield>
    <subfield code="p">12.00</subfield>
    <subfield code="r">BOOK</subfield>
    <subfield code="s">1_32463641</subfield>
  </datafield>
  <datafield tag="995" ind1=" " ind2=" ">
    <subfield code="5">2013-12-20</subfield>
    <subfield code="b">NLR02</subfield>
    <subfield code="c">NLR02</subfield>
    <subfield code="e">NZ1</subfield>
    <subfield code="f">1-199710</subfield>
    <subfield code="k">&#x41D;&#x437; &#x422;3(2)463/&#x414;-641</subfield>
    <subfield code="o">0</subfield>
    <subfield code="r">BOOK</subfield>
    <subfield code="s">_32463641</subfield>
  </datafield>
</record>
